[Event "DVM U12 2023"]
[Site "Magdeburg GER"]
[Date "2023.12.28"]
[Round "4"]
[White "Vlach, Ludwig"]
[Black "Wagner, Cosima Thien-An"]
[Result "1-0"]
[Termination "normal"]
[Board "10.1"]
[WhiteElo "1363"]
[BlackElo "1531"]
[WhiteClock "01:08:22"]
[BlackClock "01:04:33"]
[WhiteTeam "SG Trier 1877"]
[BlackTeam "TV Tegernsee"]
[PlyCount "85"]
[WhiteFideId "4007344"]
[BlackFideId "34603484"]
[EventCountry "GER"]
[EventRounds "7"]
[EventType "team-swiss"]
[EventDate "2023.12.26"]

1. e4 {[%clk 01:30:30]} {[%emt 00:05:14]} c5 {[%clk 01:30:30]} {[%emt
00:00:04]} 2. Nf3 {[%clk 01:30:30]} {[%emt 00:00:07]} g6 {[%clk 01:30:30]}
{[%emt 00:00:02]} 3. d4 {[%clk 01:30:30]} {[%emt 00:00:10]} cxd4 {[%clk
01:30:30]} {[%emt 00:00:03]} 4. Nxd4 {[%clk 01:30:30]} {[%emt 00:00:06]} Bg7
{[%clk 01:30:30]} {[%emt 00:00:03]} 5. Nc3 {[%clk 01:30:30]} {[%emt 00:00:12]}
Nc6 {[%clk 01:30:30]} {[%emt 00:00:03]} 6. Be3 {[%clk 01:30:51]} {[%emt
00:00:27]} Nf6 {[%clk 01:30:50]} {[%emt 00:00:11]} 7. f3 {[%clk 01:31:12]}
{[%emt 00:00:08]} O-O {[%clk 01:26:26]} {[%emt 00:04:54]} 8. Bc4 {[%clk
01:31:06]} {[%emt 00:00:37]} Qb6 {[%clk 01:16:39]} {[%emt 00:10:17]} 9. Bb3
{[%clk 01:25:03]} {[%emt 00:06:33]} Ng4 {[%clk 00:53:40]} {[%emt 00:23:29]} 10.
Na4 {[%clk 01:16:54]} {[%emt 00:08:40]} Qb4+ {[%clk 00:42:31]} {[%emt
00:11:38]} 11. c3 {[%clk 01:12:39]} {[%emt 00:04:46]} Nxe3 {[%clk 00:41:23]}
{[%emt 00:01:37]} 12. Nxc6 {[%clk 01:11:07]} {[%emt 00:02:01]} Nxd1 {[%clk
00:40:03]} {[%emt 00:01:50]} 13. Nxb4 {[%clk 01:10:00]} {[%emt 00:01:38]} Nxb2
{[%clk 00:40:02]} {[%emt 00:00:31]} 14. Rc1 {[%clk 01:02:52]} {[%emt 00:07:37]}
a5 {[%clk 00:35:40]} {[%emt 00:04:52]} 15. Nb6 {[%clk 00:56:29]} {[%emt
00:06:53]} axb4 {[%clk 00:34:22]} {[%emt 00:01:49]} 16. Nxa8 {[%clk 00:51:20]}
{[%emt 00:05:39]} Nd3+ {[%clk 00:34:45]} {[%emt 00:00:07]} 17. Ke2 {[%clk
00:51:21]} {[%emt 00:00:28]} Nxc1+ {[%clk 00:35:02]} {[%emt 00:00:12]} 18. Rxc1
{[%clk 00:51:42]} {[%emt 00:00:09]} Bxc3 {[%clk 00:34:40]} {[%emt 00:00:52]}
19. Nb6 {[%clk 00:51:33]} {[%emt 00:00:40]} e6 {[%clk 00:33:59]} {[%emt
00:01:11]} 20. a3 {[%clk 00:51:06]} {[%emt 00:00:57]} d5 {[%clk 00:27:59]}
{[%emt 00:06:30]} 21. axb4 {[%clk 00:50:51]} {[%emt 00:00:45]} d4 {[%clk
00:28:01]} {[%emt 00:00:28]} 22. e5 {[%clk 00:50:08]} {[%emt 00:01:13]} Rd8
{[%clk 00:27:30]} {[%emt 00:01:00]} 23. Ba4 {[%clk 00:43:24]} {[%emt 00:07:15]}
Kg7 {[%clk 00:26:31]} {[%emt 00:01:28]} 24. Kd3 {[%clk 00:37:20]} {[%emt
00:06:34]} g5 {[%clk 00:20:33]} {[%emt 00:06:28]} 25. g3 {[%clk 00:32:05]}
{[%emt 00:05:45]} Kf8 {[%clk 00:18:45]} {[%emt 00:02:18]} 26. Ke4 {[%clk
00:30:09]} {[%emt 00:02:26]} Ke7 {[%clk 00:18:32]} {[%emt 00:00:43]} 27. Kd3
{[%clk 00:29:38]} {[%emt 00:01:01]} Rg8 {[%clk 00:18:08]} {[%emt 00:00:44]} 28.
f4 {[%clk 00:26:32]} {[%emt 00:03:46]} gxf4 {[%clk 00:17:39]} {[%emt 00:00:59]}
29. gxf4 {[%clk 00:24:14]} {[%emt 00:02:48]} Kd8 {[%clk 00:17:41]} {[%emt
00:00:29]} 30. Bb5 {[%clk 00:20:29]} {[%emt 00:04:15]} Rg2 {[%clk 00:16:02]}
{[%emt 00:02:08]} 31. Na4 {[%clk 00:17:55]} {[%emt 00:03:05]} Rxh2 {[%clk
00:14:08]} {[%emt 00:02:23]} 32. Nxc3 {[%clk 00:17:47]} {[%emt 00:00:39]} Rh3+
{[%clk 00:13:31]} {[%emt 00:01:08]} 33. Kxd4 {[%clk 00:17:30]} {[%emt
00:00:46]} b6 {[%clk 00:12:48]} {[%emt 00:01:13]} 34. Ne4 {[%clk 00:17:25]}
{[%emt 00:00:34]} Rb3 {[%clk 00:06:51]} {[%emt 00:06:26]} 35. Rd1 {[%clk
00:17:11]} {[%emt 00:00:45]} Ke7 {[%clk 00:07:02]} {[%emt 00:00:19]} 36. Kc4
{[%clk 00:17:21]} {[%emt 00:00:20]} Rf3 {[%clk 00:07:17]} {[%emt 00:00:14]} 37.
Kd4 {[%clk 00:13:51]} {[%emt 00:04:01]} Rxf4 {[%clk 00:06:45]} {[%emt
00:01:01]} 38. Rc1 {[%clk 00:13:48]} {[%emt 00:00:33]} Kd8 {[%clk 00:05:12]}
{[%emt 00:02:03]} 39. Ke3 {[%clk 00:14:03]} {[%emt 00:00:15]} Rf5 {[%clk
00:01:19]} {[%emt 00:04:24]} 40. Kd4 {[%clk 00:10:05]} {[%emt 00:04:28]} Rf4
{[%clk 00:01:16]} {[%emt 00:00:32]} 41. Ra1 {[%clk 00:07:23]} {[%emt 00:03:12]}
Bb7 {[%clk 00:27:56]} {[%emt 00:03:50]} 42. Bd3 {[%clk 00:37:11]} {[%emt
00:00:42]} Kc7 {[%clk 00:22:39]} {[%emt 00:05:43]} 43. Rh1 {[%clk 00:35:18]}
{[%emt 00:02:26]} Kd7 {[%clk 00:07:50]} {[%emt 00:15:17]} 44. Ke3 {[%clk
00:34:56]} {[%emt 00:00:55]} Rf5 {[%clk 00:06:38]} {[%emt 00:01:42]} 45. Kd4
{[%clk 00:34:46]} {[%emt 00:00:40]} h5 {[%clk 00:05:20]} {[%emt 00:01:48]} 46.
Rh4 {[%clk 00:31:46]} {[%emt 00:03:28]} Bxe4 {[%clk 00:02:21]} {[%emt
00:03:31]} 47. Bxe4 {[%clk 00:31:01]} {[%emt 00:01:14]} Rg5 {[%clk 00:02:37]}
{[%emt 00:00:14]} 48. Bf3 {[%clk 00:31:15]} {[%emt 00:00:17]} Rf5 {[%clk
00:01:56]} {[%emt 00:01:11]} 49. Bxh5 {[%clk 00:29:46]} {[%emt 00:01:59]} Kc6
{[%clk 00:02:01]} {[%emt 00:00:24]} 50. Kc4 {[%clk 00:28:45]} {[%emt 00:01:31]}
Rxe5 {[%clk 00:01:32]} {[%emt 00:01:00]} 51. Bxf7 {[%clk 00:28:47]} {[%emt
00:00:28]} Kd6 {[%clk 00:01:13]} {[%emt 00:00:49]} 52. Rd4+ {[%clk 00:23:21]}
{[%emt 00:05:56]} Kc7 {[%clk 00:01:02]} {[%emt 00:00:40]} 53. Be8 {[%clk
00:19:21]} {[%emt 00:04:30]} Kb7 {[%clk 00:00:42]} {[%emt 00:00:50]} 54. Rd7+
{[%clk 00:19:26]} {[%emt 00:00:22]} Ka6 {[%clk 00:00:46]} {[%emt 00:00:28]} 55.
Rf7 {[%clk 00:14:37]} {[%emt 00:05:20]} Re4+ {[%clk 00:01:06]} {[%emt
00:00:10]} 56. Kc3 {[%clk 00:14:34]} {[%emt 00:00:32]} e5 {[%clk 00:01:10]}
{[%emt 00:00:26]} 57. b5+ {[%clk 00:14:37]} {[%emt 00:00:27]} Ka5 {[%clk
00:01:27]} {[%emt 00:00:13]} 58. Ra7# {[%emt 00:00:13]} 1-0

[Event "DVM U12 2023"]
[Site "Magdeburg GER"]
[Date "2023.12.28"]
[Round "4"]
[White "Greive, Jakob"]
[Black "Classen, Marnin"]
[Result "1-0"]
[Termination "normal"]
[Board "10.2"]
[WhiteElo "1558"]
[BlackElo "1383"]
[WhiteClock "00:19:44"]
[BlackClock "00:45:51"]
[WhiteTeam "TV Tegernsee"]
[BlackTeam "SG Trier 1877"]
[PlyCount "65"]
[WhiteFideId "34603476"]
[BlackFideId "34623833"]
[EventCountry "GER"]
[EventRounds "7"]
[EventType "team-swiss"]
[EventDate "2023.12.26"]

1. e4 {[%clk 01:30:57]} {[%emt 00:00:02]} e6 {[%clk 01:30:54]} {[%emt
00:00:07]} 2. d4 {[%clk 01:31:20]} {[%emt 00:00:07]} d5 {[%clk 01:31:21]}
{[%emt 00:00:03]} 3. exd5 {[%clk 01:31:38]} {[%emt 00:00:11]} exd5 {[%clk
01:31:47]} {[%emt 00:00:04]} 4. Bd3 {[%clk 01:31:52]} {[%emt 00:00:15]} Nf6
{[%clk 01:32:13]} {[%emt 00:00:05]} 5. Nf3 {[%clk 01:31:42]} {[%emt 00:00:38]}
Bd6 {[%clk 01:32:27]} {[%emt 00:00:16]} 6. Nc3 {[%clk 01:31:20]} {[%emt
00:00:52]} O-O {[%clk 01:32:48]} {[%emt 00:00:11]} 7. O-O {[%clk 01:31:14]}
{[%emt 00:00:35]} Bg4 {[%clk 01:33:08]} {[%emt 00:00:11]} 8. Bg5 {[%clk
01:31:20]} {[%emt 00:00:23]} c6 {[%clk 01:33:32]} {[%emt 00:00:05]} 9. h3
{[%clk 01:31:22]} {[%emt 00:00:28]} Bh5 {[%clk 01:33:55]} {[%emt 00:00:08]} 10.
Re1 {[%clk 01:28:49]} {[%emt 00:03:02]} Nbd7 {[%clk 01:33:16]} {[%emt
00:01:10]} 11. Be2 {[%clk 01:20:01]} {[%emt 00:09:17]} Qc7 {[%clk 01:33:34]}
{[%emt 00:00:13]} 12. Ne5 {[%clk 01:13:35]} {[%emt 00:06:56]} Bxe2 {[%clk
01:33:26]} {[%emt 00:00:38]} 13. Qxe2 {[%clk 01:13:26]} {[%emt 00:00:37]} Rfe8
{[%clk 01:33:44]} {[%emt 00:00:13]} 14. Bxf6 {[%clk 01:12:57]} {[%emt
00:01:00]} Nxf6 {[%clk 01:33:43]} {[%emt 00:00:31]} 15. f4 {[%clk 01:10:27]}
{[%emt 00:02:59]} Qb6 {[%clk 01:33:34]} {[%emt 00:00:39]} 16. Qd3 {[%clk
01:04:39]} {[%emt 00:06:17]} Qxb2 {[%clk 01:31:07]} {[%emt 00:02:58]} 17. Reb1
{[%clk 01:04:25]} {[%emt 00:00:43]} Qa3 {[%clk 01:29:58]} {[%emt 00:01:40]} 18.
Rxb7 {[%clk 01:03:26]} {[%emt 00:01:29]} Nh5 {[%clk 01:22:54]} {[%emt
00:07:35]} 19. Qf3 {[%clk 01:01:47]} {[%emt 00:02:07]} Re7 {[%clk 01:13:59]}
{[%emt 00:09:26]} 20. Rb3 {[%clk 01:01:29]} {[%emt 00:00:47]} Qa5 {[%clk
01:11:10]} {[%emt 00:03:21]} 21. Qxh5 {[%clk 01:01:05]} {[%emt 00:00:52]} c5
{[%clk 01:09:01]} {[%emt 00:02:39]} 22. Nc6 {[%clk 01:00:36]} {[%emt 00:00:59]}
Qc7 {[%clk 01:08:49]} {[%emt 00:00:41]} 23. Nxe7+ {[%clk 01:00:12]} {[%emt
00:00:55]} Qxe7 {[%clk 01:09:11]} {[%emt 00:00:08]} 24. Nxd5 {[%clk 01:00:04]}
{[%emt 00:00:38]} Qe6 {[%clk 01:09:20]} {[%emt 00:00:21]} 25. Re3 {[%clk
00:58:38]} {[%emt 00:01:56]} Qd7 {[%clk 01:08:57]} {[%emt 00:00:54]} 26. Qg5
{[%clk 00:57:56]} {[%emt 00:01:13]} Qc6 {[%clk 01:09:06]} {[%emt 00:00:21]} 27.
Nf6+ {[%clk 00:56:03]} {[%emt 00:02:22]} Kh8 {[%clk 01:09:25]} {[%emt
00:00:11]} 28. d5 {[%clk 00:54:05]} {[%emt 00:02:27]} Qb6 {[%clk 01:07:20]}
{[%emt 00:02:36]} 29. Rg3 {[%clk 00:49:40]} {[%emt 00:04:55]} Bf8 {[%clk
01:07:05]} {[%emt 00:00:44]} 30. Nd7 {[%clk 00:49:01]} {[%emt 00:01:09]} Qd6
{[%clk 01:07:24]} {[%emt 00:00:12]} 31. Nxf8 {[%clk 00:47:58]} {[%emt
00:01:33]} Qxf8 {[%clk 01:07:45]} {[%emt 00:00:08]} 32. f5 {[%clk 00:47:55]}
{[%emt 00:00:33]} f6 {[%clk 01:08:00]} {[%emt 00:00:16]} 33. Qe3 {[%clk
00:47:39]} {[%emt 00:00:45]} Re8 {[%clk 01:08:17]} {[%emt 00:00:13]} 34. Qd3
{[%clk 00:47:39]} {[%emt 00:00:30]} Qd6 {[%clk 01:08:35]} {[%emt 00:00:12]} 35.
Re3 {[%clk 00:47:26]} {[%emt 00:00:44]} Rb8 {[%clk 01:08:46]} {[%emt 00:00:19]}
36. Rae1 {[%clk 00:47:33]} {[%emt 00:00:23]} Qd7 {[%clk 01:09:07]} {[%emt
00:00:10]} 37. Qe2 {[%clk 00:47:33]} {[%emt 00:00:29]} Kg8 {[%clk 01:09:31]}
{[%emt 00:00:06]} 38. Re8+ {[%clk 00:47:46]} {[%emt 00:00:17]} Rxe8 {[%clk
01:09:49]} {[%emt 00:00:12]} 39. Qxe8+ {[%clk 00:47:58]} {[%emt 00:00:17]} Qxe8
{[%clk 01:10:09]} {[%emt 00:00:10]} 40. Rxe8+ {[%clk 00:48:23]} {[%emt
00:00:05]} Kf7 {[%clk 01:10:25]} {[%emt 00:00:14]} 41. Re6 {[%clk 00:48:44]}
{[%emt 00:00:09]} g6 {[%clk 01:10:47]} {[%emt 00:00:08]} 42. d6 {[%clk
00:48:48]} {[%emt 00:00:26]} gxf5 {[%clk 01:11:09]} {[%emt 00:00:09]} 43. d7
{[%clk 00:49:09]} {[%emt 00:00:09]} Kxe6 {[%clk 01:11:35]} {[%emt 00:00:04]}
44. d8=Q {[%clk 00:49:29]} {[%emt 00:00:10]} c4 {[%clk 01:11:53]} {[%emt
00:00:12]} 45. Qg8+ {[%clk 00:49:38]} {[%emt 00:00:20]} Kd7 {[%clk 01:12:12]}
{[%emt 00:00:12]} 46. Qxh7+ {[%clk 00:49:50]} {[%emt 00:00:18]} Ke8 {[%clk
01:12:25]} {[%emt 00:01:55]} 47. Qxf5 {[%clk 00:51:22]} {[%emt 00:00:14]} c3
{[%clk 01:12:49]} {[%emt 00:00:06]} 48. Qxf6 {[%clk 00:51:39]} {[%emt
00:00:13]} a5 {[%clk 01:13:12]} {[%emt 00:00:06]} 49. h4 {[%clk 00:51:57]}
{[%emt 00:00:14]} a4 {[%clk 01:13:33]} {[%emt 00:00:08]} 50. h5 {[%clk
00:52:23]} {[%emt 00:00:04]} a3 {[%clk 01:13:42]} {[%emt 00:00:21]} 51. h6
{[%clk 00:52:50]} {[%emt 00:00:02]} Kd7 {[%clk 01:13:59]} {[%emt 00:00:13]} 52.
h7 {[%clk 00:53:03]} {[%emt 00:00:17]} Kc7 {[%clk 01:14:26]} {[%emt 00:00:03]}
53. h8=Q {[%clk 00:53:25]} {[%emt 00:00:08]} Kb7 {[%emt 00:00:09]} 54. Qhg7+
{[%clk 00:53:45]} {[%emt 00:00:07]} Kc8 {[%clk 01:14:57]} {[%emt 00:00:21]} 55.
Qff8# {[%emt 00:00:08]} 1-0

[Event "DVM U12 2023"]
[Site "Magdeburg GER"]
[Date "2023.12.28"]
[Round "4"]
[White "Sharma, Devesh"]
[Black "Hefele, Stefanie"]
[Result "1/2-1/2"]
[Termination "normal"]
[Board "10.3"]
[WhiteElo "1037"]
[BlackElo "1174"]
[WhiteClock "00:53:45"]
[BlackClock "01:14:57"]
[WhiteTeam "SG Trier 1877"]
[BlackTeam "TV Tegernsee"]
[PlyCount "109"]
[WhiteFideId "34652477"]
[BlackFideId "34612041"]
[EventCountry "GER"]
[EventRounds "7"]
[EventType "team-swiss"]
[EventDate "2023.12.26"]

1. e4 {[%clk 01:30:56]} {[%emt 00:00:04]} e5 {[%clk 01:30:54]} {[%emt
00:00:07]} 2. Nf3 {[%clk 01:31:20]} {[%emt 00:00:05]} Nc6 {[%clk 01:31:18]}
{[%emt 00:00:06]} 3. Bc4 {[%clk 01:31:44]} {[%emt 00:00:06]} Bc5 {[%clk
01:31:36]} {[%emt 00:00:12]} 4. O-O {[%clk 01:32:07]} {[%emt 00:00:07]} d6
{[%clk 01:31:15]} {[%emt 00:00:50]} 5. h3 {[%clk 01:32:29]} {[%emt 00:00:09]}
Nf6 {[%clk 01:31:03]} {[%emt 00:00:42]} 6. Nc3 {[%clk 01:32:53]} {[%emt
00:00:05]} O-O {[%clk 01:30:56]} {[%emt 00:00:37]} 7. d3 {[%clk 01:33:19]}
{[%emt 00:00:05]} h6 {[%clk 01:31:10]} {[%emt 00:00:15]} 8. Be3 {[%clk
01:33:43]} {[%emt 00:00:06]} Nd4 {[%clk 01:30:57]} {[%emt 00:00:44]} 9. Bxd4
{[%clk 01:33:36]} {[%emt 00:00:35]} Bxd4 {[%clk 01:30:48]} {[%emt 00:00:40]}
10. Nxd4 {[%clk 01:33:50]} {[%emt 00:00:16]} exd4 {[%clk 01:31:10]} {[%emt
00:00:08]} 11. Nd5 {[%clk 01:34:13]} {[%emt 00:00:08]} Be6 {[%clk 01:30:09]}
{[%emt 00:01:30]} 12. Nxf6+ {[%clk 01:33:20]} {[%emt 00:01:23]} Qxf6 {[%clk
01:30:28]} {[%emt 00:00:12]} 13. Bxe6 {[%clk 01:32:11]} {[%emt 00:01:39]} fxe6
{[%clk 01:30:14]} {[%emt 00:00:44]} 14. f4 {[%clk 01:32:16]} {[%emt 00:00:24]}
Qh4 {[%clk 01:29:27]} {[%emt 00:01:16]} 15. Qf3 {[%clk 01:32:22]} {[%emt
00:00:24]} e5 {[%clk 01:29:28]} {[%emt 00:00:29]} 16. f5 {[%clk 01:32:38]}
{[%emt 00:00:14]} Rf6 {[%clk 01:28:22]} {[%emt 00:01:36]} 17. Qf2 {[%clk
01:32:33]} {[%emt 00:00:35]} Qg5 {[%clk 01:26:08]} {[%emt 00:02:44]} 18. g4
{[%clk 01:32:07]} {[%emt 00:00:56]} Raf8 {[%clk 01:24:27]} {[%emt 00:02:11]}
19. Rae1 {[%clk 01:29:54]} {[%emt 00:02:42]} g6 {[%clk 01:24:13]} {[%emt
00:00:45]} 20. Qg3 {[%clk 01:29:46]} {[%emt 00:00:37]} gxf5 {[%clk 01:23:38]}
{[%emt 00:01:05]} 21. exf5 {[%clk 01:29:57]} {[%emt 00:00:20]} Rxf5 {[%clk
01:23:17]} {[%emt 00:00:52]} 22. h4 {[%clk 01:29:49]} {[%emt 00:00:37]} Rxf1+
{[%clk 01:23:14]} {[%emt 00:00:32]} 23. Rxf1 {[%clk 01:30:11]} {[%emt
00:00:08]} Rxf1+ {[%clk 01:23:29]} {[%emt 00:00:16]} 24. Kxf1 {[%clk 01:30:35]}
{[%emt 00:00:05]} Qc1+ {[%clk 01:23:41]} {[%emt 00:00:19]} 25. Qe1 {[%clk
01:30:16]} {[%emt 00:00:50]} Qxc2 {[%clk 01:23:14]} {[%emt 00:00:57]} 26. Qe2
{[%clk 01:30:30]} {[%emt 00:00:16]} Qb1+ {[%clk 01:23:15]} {[%emt 00:00:28]}
27. Kg2 {[%clk 01:30:46]} {[%emt 00:00:14]} Qxa2 {[%clk 01:23:15]} {[%emt
00:00:30]} 28. Kf3 {[%clk 01:31:04]} {[%emt 00:00:11]} Qd5+ {[%clk 01:23:15]}
{[%emt 00:00:30]} 29. Kg3 {[%clk 01:30:53]} {[%emt 00:00:42]} Qf7 {[%clk
01:20:11]} {[%emt 00:03:33]} 30. Kh3 {[%clk 01:30:47]} {[%emt 00:00:36]} Qf4
{[%clk 01:19:01]} {[%emt 00:01:40]} 31. Qg2 {[%clk 01:29:51]} {[%emt 00:01:25]}
e4 {[%clk 01:15:20]} {[%emt 00:04:13]} 32. Qc2 {[%clk 01:27:52]} {[%emt
00:02:29]} Qf3+ {[%clk 01:14:23]} {[%emt 00:01:26]} 33. Kh2 {[%clk 01:28:14]}
{[%emt 00:00:08]} e3 {[%clk 01:10:14]} {[%emt 00:04:39]} 34. Qc4+ {[%clk
01:28:27]} {[%emt 00:00:18]} Kf8 {[%clk 01:09:13]} {[%emt 00:01:30]} 35. Qxc7
{[%clk 01:28:01]} {[%emt 00:00:57]} Qf2+ {[%clk 01:07:50]} {[%emt 00:01:52]}
36. Kh3 {[%clk 01:28:18]} {[%emt 00:00:13]} e2 {[%clk 01:02:33]} {[%emt
00:05:47]} 37. Qxd6+ {[%clk 01:28:18]} {[%emt 00:00:30]} Kg7 {[%clk 01:02:22]}
{[%emt 00:00:40]} 38. Qe5+ {[%clk 01:28:17]} {[%emt 00:00:32]} Kf7 {[%clk
01:01:39]} {[%emt 00:01:13]} 39. Qd5+ {[%clk 01:28:06]} {[%emt 00:00:41]} Kf8
{[%clk 00:57:45]} {[%emt 00:04:24]} 1/2-1/2

[Event "DVM U12 2023"]
[Site "Magdeburg GER"]
[Date "2023.12.28"]
[Round "4"]
[White "Mügschl, Frederick"]
[Black "Gilcher, Tamino"]
[Result "1/2-1/2"]
[Termination "normal"]
[Board "10.4"]
[WhiteElo "1097"]
[BlackElo "1207"]
[WhiteClock "01:28:06"]
[BlackClock "00:57:45"]
[WhiteTeam "TV Tegernsee"]
[BlackTeam "SG Trier 1877"]
[PlyCount "78"]
[WhiteFideId "34603450"]
[BlackFideId "34681787"]
[EventCountry "GER"]
[EventRounds "7"]
[EventType "team-swiss"]
[EventDate "2023.12.26"]

1. e4 {[%clk 01:30:57]} {[%emt 00:00:02]} d5 {[%clk 01:30:54]} {[%emt
00:00:06]} 2. exd5 {[%clk 01:31:22]} {[%emt 00:00:05]} Qxd5 {[%clk 01:31:19]}
{[%emt 00:00:05]} 3. Nc3 {[%clk 01:31:50]} {[%emt 00:00:01]} Qa5 {[%clk
01:31:41]} {[%emt 00:00:09]} 4. Bc4 {[%clk 01:32:04]} {[%emt 00:00:17]} Bf5
{[%clk 01:29:58]} {[%emt 00:02:12]} 5. d4 {[%clk 01:31:00]} {[%emt 00:01:35]}
c6 {[%clk 01:30:07]} {[%emt 00:00:20]} 6. Bf4 {[%clk 01:27:46]} {[%emt
00:03:43]} Nf6 {[%clk 01:24:19]} {[%emt 00:06:19]} 7. Nf3 {[%clk 01:27:11]}
{[%emt 00:01:05]} e6 {[%clk 01:24:06]} {[%emt 00:00:41]} 8. a3 {[%clk
01:27:09]} {[%emt 00:00:33]} Nd5 {[%clk 01:14:26]} {[%emt 00:10:10]} 9. Bxd5
{[%clk 01:23:50]} {[%emt 00:03:48]} cxd5 {[%clk 01:14:31]} {[%emt 00:00:25]}
10. O-O {[%clk 01:21:44]} {[%emt 00:02:36]} Be7 {[%clk 01:12:44]} {[%emt
00:02:17]} 11. Re1 {[%clk 01:17:30]} {[%emt 00:04:44]} O-O {[%clk 01:12:58]}
{[%emt 00:00:16]} 12. b4 {[%clk 01:12:15]} {[%emt 00:05:45]} Qd8 {[%clk
01:11:12]} {[%emt 00:02:15]} 13. Ne5 {[%clk 00:50:57]} {[%emt 00:21:48]} Nd7
{[%clk 01:06:23]} {[%emt 00:05:20]} 14. Ne2 {[%clk 00:45:49]} {[%emt 00:05:37]}
Rc8 {[%clk 01:06:20]} {[%emt 00:00:31]} 15. Nd3 {[%clk 00:39:49]} {[%emt
00:06:32]} Nb6 {[%clk 01:04:57]} {[%emt 00:01:54]} 16. Ng3 {[%clk 00:36:15]}
{[%emt 00:04:03]} Bg6 {[%clk 01:04:23]} {[%emt 00:01:04]} 17. Ra2 {[%clk
00:33:33]} {[%emt 00:03:11]} Na4 {[%clk 01:04:30]} {[%emt 00:00:24]} 18. Bd2
{[%clk 00:31:02]} {[%emt 00:03:01]} Qb6 {[%clk 01:03:56]} {[%emt 00:01:04]} 19.
Ne2 {[%clk 00:30:17]} {[%emt 00:01:16]} Bh5 {[%clk 01:02:52]} {[%emt 00:01:33]}
20. f3 {[%clk 00:30:13]} {[%emt 00:00:35]} Bf6 {[%clk 01:02:09]} {[%emt
00:01:12]} 21. c3 {[%clk 00:29:54]} {[%emt 00:00:48]} Bg6 {[%clk 00:59:28]}
{[%emt 00:03:12]} 22. Ndf4 {[%clk 00:29:38]} {[%emt 00:00:46]} Qc6 {[%clk
00:56:49]} {[%emt 00:03:10]} 23. Nxg6 {[%clk 00:27:12]} {[%emt 00:02:57]} fxg6
{[%clk 00:56:43]} {[%emt 00:00:36]} 24. Qc2 {[%clk 00:25:45]} {[%emt 00:01:56]}
e5 {[%clk 00:54:03]} {[%emt 00:03:10]} 25. Rc1 {[%clk 00:23:21]} {[%emt
00:02:53]} exd4 {[%clk 00:53:40]} {[%emt 00:00:54]} 26. cxd4 {[%clk 00:23:21]}
{[%emt 00:00:29]} Qxc2 {[%clk 00:53:11]} {[%emt 00:00:59]} 27. Raxc2 {[%clk
00:23:09]} {[%emt 00:00:42]} Rxc2 {[%clk 00:51:58]} {[%emt 00:01:43]} 28. Rxc2
{[%clk 00:22:50]} {[%emt 00:00:49]} Re8 {[%clk 00:52:25]} {[%emt 00:00:03]} 29.
Kf1 {[%clk 00:22:57]} {[%emt 00:00:23]} Nb6 {[%clk 00:50:17]} {[%emt 00:02:38]}
30. Rc7 {[%clk 00:22:03]} {[%emt 00:01:24]} Nc4 {[%emt 00:02:02]} 31. Bc1
{[%clk 00:21:43]} {[%emt 00:00:49]} Rb8 {[%clk 00:48:45]} {[%emt 00:00:25]} 32.
Nf4 {[%clk 00:20:37]} {[%emt 00:01:41]} Nb6 {[%clk 00:45:51]} {[%emt 00:03:23]}
33. Ne6 {[%clk 00:19:44]} {[%emt 00:01:21]} 1/2-1/2